| 000 | 00653nam a2200205 a 4500 | ||
|---|---|---|---|
| 001 | 000042694 | ||
| 005 | 20201002040331.0 | ||
| 008 | 140205s1985 sp a 000 0 spa d | ||
| 020 | _z72236250 | ||
| 040 |
_aDO-SdBNP _bspa _cBNPHU |
||
| 082 |
_axxx _bL449b |
||
| 100 | 1 |
_aLebowitz, Fran _970000 |
|
| 240 | 1 | 0 |
_aSocial studies _lEspañol |
| 245 | 1 | 0 |
_aBreve manual de urbanidad / _cFran Lebowitz ; traducción de José Luis Guarner. |
| 260 |
_aBarcelona : _bTusquets, _c1985. |
||
| 300 |
_a151 p. : _ail., ; _c18 cm. |
||
| 490 | 1 |
_aCuadernos ínfimos _v125 |
|
| 700 | 1 | 2 |
_aGuarner, José Luis Guarner _etr. _970001 |
| 830 | 0 |
_aCuadernos ínfimos _n125 _970002 |
|
| 999 |
_c42183 _d42183 |
||